|
|
|
|
| LEADER |
00000nam a2200000Ii 4500 |
| 001 |
DIGDESCL0016 |
| 003 |
NyNyDIG |
| 007 |
cr ||||||||||| |
| 008 |
220816s2004 sp 00 0spa |
| 006 |
m o d |
| 035 |
|
|
|a (OCoLC)1350506898
|
| 040 |
|
|
|a DGITA
|b eng
|e rda
|e pn
|c DGITA
|
| 020 |
|
|
|a 9788433033888
|q eBook
|q pdf
|
| 020 |
|
|
|z 9788433018564
|
| 050 |
1 |
4 |
|a BT121.2 ebook
|
| 100 |
1 |
|
|a Santos-Escudero, Ceferino,
|e author.
|
| 245 |
1 |
3 |
|a El Espíritu Santo desde sus símbolos :
|b retiro con el espíritu /
|c Ceferino Santos Escudero.
|
| 264 |
|
1 |
|a Bilbao :
|b Desclée de Brouwer,
|c 2004.
|
| 300 |
|
|
|a 1 online resource.
|
| 336 |
|
|
|a text
|b txt
|2 rdacontent
|
| 337 |
|
|
|a computer
|b c
|2 rdamedia
|
| 338 |
|
|
|a online resource
|b cr
|2 rdacarrier
|
| 347 |
|
|
|a text file
|2 rdaft
|
| 347 |
|
|
|b PDF
|
| 490 |
1 |
|
|a Caminos
|
| 588 |
0 |
|
|a Online resource; title from PDF title page (Digitalia, viewed August 16, 2022)
|
| 650 |
|
0 |
|a Holy Spirit
|x Meditations.
|
| 655 |
|
0 |
|a Electronic books.
|
| 791 |
2 |
|
|a Digitalia (Firm),
|e distributor.
|
| 793 |
0 |
|
|g Digitalia eBook Collection:
|a Desclée de Brouwer.
|
| 776 |
0 |
8 |
|i Print version:
|a Santos-Escudero, Ceferino.
|t Espíritu Santo desde sus símbolos.
|d Bilbao : Desclée de Brouwer, 2004
|z 9788433018564
|
| 830 |
|
0 |
|a Colección Caminos.
|
| 856 |
4 |
0 |
|3 Digitalia Hispánica
|u https://www.digitaliapublishing.com/a/84072/
|
| 910 |
|
|
|a Premium collection: 2022
|